000 00304nam a22001337a 4500
041 _aENG
100 _aKulp.K
245 _aHandbook Of Cereal Science And Technology
250 _asecond Ed
260 _aNew Delhi
_bFood Science
_c2010
300 _a790
650 _aAPE
856 _uNot to be Issued
999 _c2525
_d2525